| 000 | 00000nam 2200000za 4500 |
| 001 | 9.843438 |
| 003 | CaOODSP |
| 005 | 20221107152525 |
| 007 | cr ||||||||||| |
| 008 | 170912s1937 onc |o f|0| 0 eng d |
| 040 | |aCaOODSP|beng |
| 043 | |an-cn-on |
| 086 | 1 |aCS63-D-82/1937E-PDF |
| 245 | 00|aRetail merchandise trade in Ottawa, 1936 |h[electronic resource]. |
| 260 | |aOttawa : |bDominion Bureau of Statistics, |c1937. |
| 300 | |a7 p. |
| 500 | |aDigitized edition from print [produced by Statistics Canada]. |
| 500 | |aCover title. |
| 500 | |a"Series 1936. No. 2." |
| 692 | 07|2gccst|aCensus data |
| 692 | 07|2gccst|aRetail trade |
| 710 | 1 |aCanada. |bDominion Bureau of Statistics. |bCensus of Merchandising and Service Establishments. |
| 856 | 40|qPDF|s2.38 MB|uhttps://publications.gc.ca/collections/collection_2017/statcan/CS63-D-82-1937-eng.pdf |
| 986 | |a63-D-82 |